Statistics for Countries that are Big and Populated in Their Continent

Click here to take the quiz!

General Stats

  • This quiz has been taken 204 times
  • The average score is 13 of 17

Answer Stats

Country% Correct
China
98%
United States
97%
Russia
97%
India
96%
Brazil
90%
Australia
88%
Canada
88%
Mexico
85%
Argentina
83%
France
82%
D.R. Congo
72%
New Zealand
68%
Colombia
63%
Peru
59%
P.N.G.
49%
Fiji
40%
Solomon Islands
32%

Score Distribution

Percentile by Number Answered

Percent of People with Each Score

Your Score History

You have not taken this quiz